Представление документа в формате MARC21

Поле Инд. ПП Название Значение
Тип записи a
Библиографический уровень b
001 Контрольный номер RU/IS/BASE/322759079
005 Дата корректировки 20200526074511.1
008 Кодируемые данные 20100324
040 b Код языка каталог. rus
e Правила каталог. PSBO
041 0_ a Код языка текста rus
084 a Индекс другой классификации/Индекс ББК 60.542.15-425; 60.524.258.3
100 1_ a Автор Григорец Ф. И.
q Полное имя Григорец Фания Исмагиловна
245 10 a Заглавие Социальные меры профилактики наркомании среди молодежи
b Продолж. заглавия (на примере Приморского края)
504 a Библиография Библиогр.: с. 126 - 127
520 0_ a Аннотация Профилактика и борьба с подростковой накроманией - это очень трудная, многоплановая проблема, решение которой возможно только при тесном взаимодействии и координации сил и средств, задействованных в этом деле. Для этого нужны не кампания и отдельные мероприятия, а комплексная система хорошо продуманных и отлаженных действий
650 14 a Основная рубрика социология
a Основная рубрика социология групп
653 1_ a Ключевые слова антинаркотическая политика
a Ключевые слова антинаркотическая пропаганда
a Ключевые слова антинаркотическое воспитание
a Ключевые слова борьба с наркотизмом
a Ключевые слова борьба с наркотиками
a Ключевые слова молодежь
a Ключевые слова наркомания
a Ключевые слова наркоманы
a Ключевые слова наркотизация молодежи
a Ключевые слова Приморский край
a Ключевые слова Россия
a Ключевые слова социальная профилактика
a Ключевые слова социальное поведение
773 08 t Заглавие источника Вестник Московского университета. Серия 18, Социология и политология
d Дата издания источника 2009
g Прочая информация № 4. - С. 113 - 127 : схем.
w Контрольный № источника RU/IS/BASE/317399284
901 t Тип документа b